Les Problèmes agraires des Amériques latines / (Record no. 22165)
[ view plain ]
| 000 -LEADER | |
|---|---|
| fixed length control field | 01174cam a22003011 4500 |
| 001 - CONTROL NUMBER | |
| control field | 22165 |
| 003 - CONTROL NUMBER IDENTIFIER | |
| rucl marc code | BD-RjUL |
| 005 - DATE AND TIME OF LATEST TRANSACTION | |
| control field | 20211209000756.0 |
| 008 - FIXED-LENGTH DATA ELEMENTS--GENERAL INFORMATION | |
| fixed length control field | 140306s1967 fr 000 0 fre |
| 035 ## - SYSTEM CONTROL NUMBER | |
| System control number | (BD-RjUL)22230 |
| System control number | (OCoLC)4106657 |
| 040 ## - CATALOGING SOURCE | |
| Original cataloging agency | DLC |
| Transcribing agency | NmU |
| Modifying agency | BD-RjUL |
| Language of cataloging | eng |
| 041 0# - LANGUAGE CODE | |
| Language code of text/sound track or separate title | freporspa |
| 082 00 - DEWEY DECIMAL CLASSIFICATION NUMBER | |
| Classification number | 333.335 |
| Author mark and year | COL 1967 |
| 111 2# - MAIN ENTRY--MEETING NAME | |
| Meeting name or jurisdiction name as entry element | Colloque international sur les problèmes agraires des Amériques latines |
| Date of meeting | (1965 : |
| Location of meeting | Paris) |
| 9 (RLIN) | 68417 |
| 245 14 - TITLE STATEMENT | |
| Title | Les Problèmes agraires des Amériques latines / |
| Statement of responsibility, etc. | Paris 11-16 octobre 1965. |
| 260 ## - PUBLICATION, DISTRIBUTION, ETC. (IMPRINT) | |
| Place of publication, distribution, etc. | Paris : |
| Name of publisher, distributor, etc. | Éditions du Centre national de la recherche scientifique, |
| Date of publication, distribution, etc. | 1967. |
| 300 ## - PHYSICAL DESCRIPTION | |
| Pagination | 783 p. : |
| Illustrations | illus., maps. ; |
| Size | 27 cm. |
| 490 1# - SERIES STATEMENT | |
| Series statement | Colloques internationaux du Centre national de la recherche scientifique. Sciences humaines |
| 500 ## - GENERAL NOTE | |
| General note | French, Spanish or Portuguese. |
| 504 ## - BIBLIOGRAPHY, ETC. NOTE | |
| Bibliography, etc | Includes bibliographies. |
| 650 #0 - SUBJECT ADDED ENTRY--TOPICAL TERM | |
| Topical term or geographic name as entry element | Land tenure |
| Geographic subdivision | Latin America |
| Form subdivision | Congresses. |
| 9 (RLIN) | 68413 |
| Topical term or geographic name as entry element | Agriculture |
| General subdivision | Economic aspects |
| Geographic subdivision | Latin America |
| Form subdivision | Congresses. |
| 9 (RLIN) | 68414 |
| 651 #0 - SUBJECT ADDED ENTRY--GEOGRAPHIC NAME | |
| Geographic name | Latin America |
| General subdivision | Rural conditions |
| Form subdivision | Congresses. |
| 9 (RLIN) | 68415 |
| 942 ## - ADDED ENTRY ELEMENTS (KOHA) | |
| Source of classification or shelving scheme | Dewey Decimal Classification |
| Koha item type | Books |
| Lost status | Source of classification or shelving scheme | Damaged status | Not for loan | Collection code | Permanent Location | Current Location | Shelving location | Date acquired | Source of acquisition | Total Checkouts | Full call number | Date last seen | Copy number | Koha item type |
|---|---|---|---|---|---|---|---|---|---|---|---|---|---|---|
| Dewey Decimal Classification | Added to bundle | Non-fiction | Central Library, University of Rajshahi | Central Library, University of Rajshahi | Reading Room | 20/01/1971 | Zeitlinger | 333.335 COL 1967 | 06/03/2014 | C-1 | Books |